Motivuje fakt, že práca sa oplatí
Rast zamestnanosti je najúčinnejším nástrojom na zníženie chudoby na Slovensku. Jeden z kľúčových pilierov reformy sociálneho systému je stratégia podpory rastu zamestnanosti. Nová sociálna politika má ambíciu podporiť rast zamestnanosti, zvýšiť motiváciu pracovať, zjednodušiť a sprehladniť fungovan...
Salvato in:
| Autore principale: | |
|---|---|
| Natura: | Capitolo di libro |
| Lingua: | slovacco |
| Soggetti: | |
| Tags: |
Nessun Tag, puoi essere il primo ad aggiungerne!!
|
MARC
| LEADER | 00000naa a2200000 4500 | ||
|---|---|---|---|
| 001 | r048182 | ||
| 005 | 20230927091651.1 | ||
| 041 | 0 | |a slo | |
| 044 | |a SK | ||
| 245 | 1 | 0 | |a Motivuje fakt, že práca sa oplatí |c Mikuláš Gera |
| 520 | |a Rast zamestnanosti je najúčinnejším nástrojom na zníženie chudoby na Slovensku. Jeden z kľúčových pilierov reformy sociálneho systému je stratégia podpory rastu zamestnanosti. Nová sociálna politika má ambíciu podporiť rast zamestnanosti, zvýšiť motiváciu pracovať, zjednodušiť a sprehladniť fungovanie verejných služieb. Sociálne služby. | ||
| 610 | 2 | 0 | |a zamestnanosť |
| 610 | 2 | 0 | |a politika sociálna |
| 610 | 2 | 0 | |a motivácia pracovná |
| 610 | 2 | 0 | |a služby sociálne |
| 610 | 2 | 0 | |a služby verejné |
| 610 | 2 | 0 | |a chudoba |
| 610 | 2 | 0 | |a Slovensko |
| 100 | 1 | |a Gera, Mikuláš | |